Geography Quiz

Random Geography or State Quiz

States of Brazil Quiz Stats

 Plays Quiz Updated Jan 31, 2019

     
Support Sporcle.
Go Orange.
Score 0/27 Timer 10:00
28 Plays Today
% Correct
Rio de Janeiro
89.1%
São Paulo
88.2%
Amazonas
85%
Distrito Federal
84.5%
Pará
79.2%
Acre
74.9%
Bahia
74%
Rio Grande do Sul
73.2%
Mato Grosso
73.2%
Paraná
70%
Rio Grande do Norte
68.3%
Minas Gerais
66.9%
Mato Grosso do Sul
66.3%
Santa Catarina
65.4%
% Correct
Goiás
62.7%
Espírito Santo
62.3%
Amapá
62.2%
Rondônia
59.7%
Roraima
59.2%
Pernambuco
58.1%
Ceará
58%
Sergipe
55.4%
Tocantins
55.4%
Piauí
53.2%
Maranhão
53.2%
Alagoas
52.6%
Paraíba
52%

From the Vault

Famous Musicians on 'The Ed Sullivan Show'

by Hejman

Music 5m
It takes a pretty famous musician to share the stage with Ed Sullivan.
Remove Ads.
Support Sporcle.
Get the best of Sporcle when you Go Orange. This ad-free experience offers more features, more stats, and more fun while also helping to support Sporcle. Thank you for becoming a member.

Show Comments

Extras

Top Quizzes Today


Score Distribution

Your Account Isn't Verified!

In order to create a playlist on Sporcle, you need to verify the email address you used during registration. Go to your Sporcle Settings to finish the process.

Report this User

Report this user for behavior that violates our Community Guidelines.

Details: